Las intendencias altoperuanas en el Virreinato del Rio de la Plata
Gespeichert in:
| 1. Verfasser: | |
|---|---|
| Format: | Buch |
| Sprache: | Spanisch |
| Veröffentlicht: |
Buenos Aires
Academia Nacional de la Historia
1992
|
| Schlagworte: | |
| Tags: |
Tag hinzufügen
Keine Tags, Fügen Sie den ersten Tag hinzu!
|
MARC
| LEADER | 00000nam a2200000 a 4500 | ||
|---|---|---|---|
| 001 | UCZ0386 | ||
| 003 | CL-VaPUC | ||
| 008 | 950728e19920000AG |||||||||||||||||spa|d | ||
| 082 | 0 | 4 | |a 985.03 |b ACE |2 21 |
| 100 | 0 | |a Acevedo, Edberto Oscar |e author |9 343160 | |
| 245 | 1 | 4 | |a Las intendencias altoperuanas en el Virreinato del Rio de la Plata |
| 300 | |a 592 p | ||
| 942 | |c BK | ||
| 945 | |d 19950728 00:00:00 |a rbrito | ||
| 260 | |a Buenos Aires |b Academia Nacional de la Historia |c 1992 | ||
| 600 | 0 | 7 | |a VIRREINATO DEL RIO DE LA PLATA |2 CL-VaPUC |9 343161 |
| 650 | 7 | |a HISTORIA DE PERU SIGLO 18 |2 CL-VaPUC |9 343162 | |
| 650 | 0 | |a Desarrollo económico y social |9 256320 | |
| 651 | 7 | |a ALTO PERU |2 CL-VaPUC |9 343163 | |
| 651 | 0 | |a Perú |9 256567 | |
| 583 | |a last modification |c 20160817 05:32:08 |k Rodrigo Vera | ||
| 999 | |c 237318 |d 237316 | ||
| 952 | |0 0 |1 0 |4 0 |6 985_030000000000000_ACE_1992 |7 0 |8 A |9 246245 |a BIBHIS |b BIBHIS |d 2019-11-18 |i 3114856 |o 985.03 ACE 1992 |p 3114856 |r 2025-01-20 |w 2019-11-18 |y BK |k HIS | ||